| 000 | 00636nam a2200217Ia 4500 | ||
|---|---|---|---|
| 005 | 20260429112109.0 | ||
| 008 | 260429s9999||||xx |||||||||||||| ||und|| | ||
| 020 | _a9781032605685 | ||
| 041 | _aEnglish | ||
| 082 |
_a362.2083 _bPRO |
||
| 100 | _aProwle, Alison | ||
| 245 | 0 |
_aSupporting children's mental health and wellbeing : _btherapeutic approaches for working with children and families / _cAlison Prowle |
|
| 250 | _a1st ed. | ||
| 260 |
_aLondon : _bRoutledge, _c2025. |
||
| 300 | _ax, 169 p.; pbk | ||
| 650 | _a Mental health | ||
| 650 | _a Wellbeing | ||
| 650 | _aChildren | ||
| 700 | _a Stobbs, Nicola | ||
| 942 | _cTB | ||
| 999 |
_c52332 _d52332 |
||